Schnelle Mathematik: Vielfachen von 14 - Statistiken

Allgemein
  • Dieses Quiz wurde 351 mal gespielt
  • Das Durchschnittsergebnis liegt bei 7 aus 10
Antwortstatistiken
Hint Antwort % Korrekt
1*14 14
100%
2*14 28
97%
3*14 42
94%
4*14 56
94%
5*14 70
82%
6*14 84
74%
7*14 98
58%
8*14 112
51%
10*14 140
32%
9*14 126
31%
Keine übereinstimmenden Quizze gefunden
Verteilung der Resultate
Anzahl Personen mit jedem Resultat
Perzentil nach korrekt beantworteten Fragen
Ihre Resultats-Entwicklung
Sie haben dieses Quiz noch nicht gespielt